THE POWER OF ALIGNMENT / (Record no. 615781)
[ view plain ]
| 000 -LEADER | |
|---|---|
| fixed length control field | 00346nam a22001337a 4500 |
| 020 ## - INTERNATIONAL STANDARD BOOK NUMBER | |
| Qualifying information | HB. |
| 040 ## - CATALOGING SOURCE | |
| Transcribing agency | FIZZA ISHAQ |
| 082 ## - DEWEY DECIMAL CLASSIFICATION NUMBER | |
| Classification number | 658.4012 |
| Author Mark | GEO |
| 100 ## - MAIN ENTRY--PERSONAL NAME | |
| Personal name | LABOVITZ,GEORGE. |
| 9 (RLIN) | 132726 |
| 245 ## - TITLE STATEMENT | |
| Title | THE POWER OF ALIGNMENT / |
| Statement of responsibility, etc. | GEORGE LABOVITZ. |
| 260 ## - PUBLICATION, DISTRIBUTION, ETC. | |
| Place of publication, distribution, etc. | NEW YORK; |
| Name of publisher, distributor, etc. | JOHN WILEY & SONS, |
| Date of publication, distribution, etc. | 1997. |
| 300 ## - PHYSICAL DESCRIPTION | |
| Extent | 242 P. ; |
| Dimensions | 9.1X6IN |
| 942 ## - ADDED ENTRY ELEMENTS (KOHA) | |
| Source of classification or shelving scheme | |
| Koha item type | Book |
| Withdrawn status | Lost status | Source of classification or shelving scheme | Damaged status | Not for loan | Permanent Location | Current Location | Shelving location | Date acquired | Total Checkouts | Full call number | Barcode | Date last seen | Price effective from | Koha item type |
|---|---|---|---|---|---|---|---|---|---|---|---|---|---|---|
| NUST Baluchistan Campus (NBC) | NUST Baluchistan Campus (NBC) | Text Books | 01/06/2026 | 658.4012 GEO | QD-949 | 01/06/2026 | 01/06/2026 | Book |
